[Event "C.to Europeo U10"]
[Site "Fermo ITA"]
[Date "2009.09.04"]
[Round "5"]
[White "Rambaldi, Francesco"]
[Black "Trjapishko, Alexandr"]
[Result "1-0"]
[WhiteElo "1455"]
[BlackElo "1768"]
[PlyCount "145"]
[EventDate "2009.08.31"]

1. e4 b6 2. d4 e6 3. Bd3 Bb7 4. Be3 Nf6 5. Nd2 d5 6. e5 Nfd7 7. Ne2 c5 8. c3
Nc6 9. O-O Qc7 10. Rc1 Be7 11. f4 g6 12. Qe1 O-O-O 13. Qd1 Kb8 14. Nf3 c4 15.
Bb1 Ba6 16. Nd2 Kb7 17. Rf2 Rdg8 18. b3 f5 19. bxc4 dxc4 20. Nf3 Ba3 21. Rc2
Ne7 22. Ng5 Nd5 23. Bc1 Bxc1 24. Qxc1 Nf8 25. a4 h6 26. Nf3 Qd7 27. Ra2 Qe7 28.
Ne1 Nd7 29. Nc2 Nb8 30. Ne3 Rd8 31. Nxd5 Rxd5 32. Ng3 Nc6 33. Bc2 Kc7 34. Bd1
Na5 35. Nf1 Bb7 36. Ne3 Rd7 37. Be2 Ba6 38. Qf1 Kb8 39. Rf3 Rc8 40. Rh3 Qf8 41.
Rg3 Qf7 42. Bf3 Bb7 43. Bxb7 Kxb7 44. Qf3+ Kb8 45. Rd2 Rcd8 46. Nc2 a6 47. Nb4
Ka7 48. Rd1 Rc7 49. d5 exd5 50. Rxd5 Rxd5 51. Qxd5 Qe8 52. Qd6 Rd7 53. Qxg6
Rd1+ 54. Kf2 Qxa4 55. Qxf5 Rd2+ 56. Ke3 Rd7 57. Rf3 Qd1 58. Kf2 Qd2+ 59. Kg1
Rg7 60. Qh3 Qe1+ 61. Rf1 Qe2 62. Qf3 Qd2 63. e6 Qd6 64. f5 Qc5+ 65. Qf2 Qf8 66.
Nd5 Rb7 67. e7 Qf7 68. f6 Rb8 69. Ne3 Nb7 70. Ng4 Nd6 71. Ne5 Qd5 72. f7 Nxf7
73. Qxf7 1-0

[Event "C.to Europeo U10"]
[Site "Fermo ITA"]
[Date "2009.09.04"]
[Round "5"]
[White "Savenkov, Konstantin"]
[Black "Ballas, Athanasios-Panagiotis"]
[Result "1/2-1/2"]
[WhiteElo "1801"]
[BlackElo "1542"]
[PlyCount "57"]
[EventDate "2009.08.31"]

1. e4 c5 2. Nc3 d6 3. g3 Nc6 4. Bg2 g6 5. d3 Bg7 6. Nge2 Nd4 7. Nxd4 cxd4 8.
Ne2 e6 9. O-O Ne7 10. c3 dxc3 11. Nxc3 O-O 12. Be3 Bd7 13. Qb3 Bc6 14. Rac1 Qd7
15. d4 d5 16. Rfd1 Rfd8 17. Bg5 f6 18. Be3 Rac8 19. exd5 Bxd5 20. Bxd5 exd5 21.
Rc2 Rc6 22. Rdc1 Rdc8 23. a3 Rb6 24. Qa2 Rbc6 25. b4 b5 26. a4 bxa4 27. Qxa4
Kf8 28. Qb3 R6c7 29. Qa3 1/2-1/2

[Event "C.to Europeo U10"]
[Site "Fermo ITA"]
[Date "2009.09.04"]
[Round "5"]
[White "Sheremet, Anton"]
[Black "Chao Vale, Fernando"]
[Result "1/2-1/2"]
[WhiteElo "1830"]
[BlackElo "1563"]
[PlyCount "76"]
[EventDate "2009.08.31"]

1. e4 c5 2. Nf3 a6 3. Nc3 Nc6 4. d4 cxd4 5. Nxd4 e5 6. Nf5 Nf6 7. Nd6+ Bxd6 8.
Qxd6 Qe7 9. Qxe7+ Nxe7 10. Bc4 d6 11. Bg5 O-O 12. O-O-O Rd8 13. Nd5 Nfxd5 14.
Bxd5 Kf8 15. Bb3 f6 16. Be3 b5 17. Bb6 Rd7 18. Be6 Rb7 19. Rxd6 Bxe6 20. Rxe6
Kf7 21. Rxe7+ Kxe7 22. Bc5+ Ke8 23. Rd1 Rc8 24. Be3 Rbc7 25. c3 Ke7 26. a3 Rd7
27. Re1 Ke6 28. Kc2 Rcd8 29. Ra1 Rc8 30. Re1 a5 31. Bb6 a4 32. h4 Rb7 33. Ba5
Ra8 34. Bb4 Rd7 35. Bc5 g6 36. g3 f5 37. exf5+ gxf5 38. Be3 Re8 1/2-1/2

[Event "C.to Europeo U10"]
[Site "Fermo ITA"]
[Date "2009.09.06"]
[Round "6"]
[White "Chao Vale, Fernando"]
[Black "Maltsev, Leonid"]
[Result "1-0"]
[WhiteElo "1563"]
[BlackElo "1936"]
[PlyCount "75"]
[EventDate "2009.08.31"]

1. e4 Nc6 2. d4 d5 3. e5 f6 4. Nf3 Bg4 5. Bb5 Qd7 6. O-O O-O-O 7. Nc3 e6 8. Bf4
g5 9. Bg3 f5 10. h3 Bxf3 11. Qxf3 h5 12. Qe2 Nge7 13. Rfb1 Ng6 14. b4 g4 15. h4
f4 16. Bh2 f3 17. gxf3 gxf3 18. Qxf3 Nxh4 19. Qh3 Rg8+ 20. Kh1 Nf5 21. Ne2 a6
22. Bxc6 Qxc6 23. c3 Bh6 24. Bf4 Bxf4 25. Nxf4 Rg4 26. Ng2 Qb5 27. Re1 Qe8 28.
a4 Qf7 29. b5 a5 30. Rab1 b6 31. Rbc1 Qe7 32. Ra1 Qg5 33. Re2 Rg8 34. Rg1 Nh4
35. f3 Rg3 36. Qxe6+ Kb8 37. f4 Qxf4 38. Qxg8+ 1-0

[Event "C.to Europeo U10"]
[Site "Fermo ITA"]
[Date "2009.09.06"]
[Round "6"]
[White "Pak, Alexander"]
[Black "Rambaldi, Francesco"]
[Result "1-0"]
[WhiteElo "1848"]
[BlackElo "1455"]
[PlyCount "66"]
[EventDate "2009.08.31"]

1. e4 c5 2. Nf3 e6 3. d4 cxd4 4. Nxd4 a6 5. Nc3 Qc7 6. Be3 Bb4 7. Qd2 Nf6 8. f3
d5 9. e5 Qxe5 10. Bd3 Qc7 11. f4 O-O 12. O-O Ng4 13. Rf3 Nxe3 14. Qxe3 Nc6 15.
Rh3 g6 16. Kh1 Bd7 17. Nxc6 Bxc6 18. f5 exf5 19. Bxf5 h5 20. Rxh5 Kg7 21. Qd4+
f6 22. Bxg6 Bxc3 23. Qg4 Rh8 24. Be8+ Kf8 25. Rxh8+ Ke7 26. Rh7+ Kd6 27. Rxc7
Kxc7 28. Bxc6 Kxc6 29. bxc3 Re8 30. Qa4+ b5 31. Qxa6+ Kc5 32. Rb1 Re5 33. Rxb5+
Kc4 1-0

[Event "C.to Europeo U10"]
[Site "Fermo ITA"]
[Date "2009.09.07"]
[Round "7"]
[White "Carnicelli, Valerio"]
[Black "Ballas, Athanasios-Panagiotis"]
[Result "1/2-1/2"]
[WhiteElo "1747"]
[BlackElo "1542"]
[PlyCount "58"]
[EventDate "2009.08.31"]

1. e4 c5 2. Nf3 e6 3. d4 cxd4 4. Nxd4 Nc6 5. Nb5 d6 6. Bf4 e5 7. Be3 Nf6 8. Bg5
a6 9. N5c3 Be7 10. Bxf6 Bxf6 11. Nd5 O-O 12. Nbc3 Be6 13. Nxf6+ Qxf6 14. Qxd6
Nd4 15. Bd3 Rfd8 16. Qa3 Qg5 17. Nd5 Bxd5 18. exd5 Rxd5 19. O-O Nf3+ 20. Kh1
Qf4 21. Bxh7+ Kxh7 22. Qxf3 Qxf3 23. gxf3 Rd2 24. Rae1 Rxc2 25. Rxe5 Rxb2 26.
Re7 Kg6 27. a4 b5 28. Rb7 Rb3 29. Rg1+ Kf6 1/2-1/2

[Event "C.to Europeo U10"]
[Site "Fermo ITA"]
[Date "2009.09.07"]
[Round "7"]
[White "Chao Vale, Fernando"]
[Black "Shtembuliak, Evgeny"]
[Result "1/2-1/2"]
[WhiteElo "1563"]
[BlackElo "2021"]
[PlyCount "83"]
[EventDate "2009.08.31"]

1. e4 e6 2. d4 d5 3. Nc3 Nc6 4. Nf3 Nf6 5. Bg5 Be7 6. e5 Ne4 7. Bxe7 Qxe7 8. a3
Ng5 9. Bb5 Bd7 10. Bxc6 Bxc6 11. O-O O-O-O 12. b4 Ne4 13. Qd3 Qd7 14. Rfb1 a6
15. Nd2 Nxc3 16. Qxc3 f6 17. Nf3 Bb5 18. Re1 f5 19. Qb3 Ba4 20. Qd3 h6 21. Nd2
g5 22. Nb3 Bb5 23. Qd2 b6 24. Ra2 Rhg8 25. Rea1 Ba4 26. Nc1 f4 27. Ne2 Rdf8 28.
Nc3 Rf5 29. Qd3 Kb7 30. Nxa4 Qxa4 31. Rc1 f3 32. g3 Qd7 33. a4 h5 34. h3 h4 35.
g4 Rf4 36. a5 b5 37. Ra3 Rgf8 38. Re1 Qc6 39. Rc3 Qd7 40. Rb3 Qe7 41. Re3 Qf7
42. Re1 1/2-1/2

[Event "C.to Europeo U10"]
[Site "Fermo ITA"]
[Date "2009.09.07"]
[Round "7"]
[White "Haring, Viktor"]
[Black "Pak, Alexander"]
[Result "1/2-1/2"]
[WhiteElo "1914"]
[BlackElo "1848"]
[PlyCount "109"]
[EventDate "2009.08.31"]

1. e4 c5 2. Nf3 d6 3. d4 cxd4 4. Nxd4 Nf6 5. Nc3 a6 6. a4 e5 7. Nb3 Be7 8. Be2
O-O 9. O-O Be6 10. Be3 Nbd7 11. f3 Nb6 12. Re1 Nc4 13. Bxc4 Bxc4 14. Nd2 Be6
15. Nf1 d5 16. exd5 Nxd5 17. Nxd5 Bxd5 18. Bf2 f6 19. Qd2 Rc8 20. Rad1 Bf7 21.
Ne3 Bc5 22. Nf5 Qc7 23. Bxc5 Qxc5+ 24. Qe3 Qxe3+ 25. Nxe3 Bg6 26. c3 Rfd8 27.
Kf2 Kf7 28. Ke2 Ke6 29. Rxd8 Rxd8 30. Rd1 Rxd1 31. Kxd1 Be8 32. a5 f5 33. Kd2
f4 34. Nc4 Bb5 35. Nb6 Bf1 36. g3 fxg3 37. hxg3 Bb5 38. Ke3 h5 39. f4 Kf5 40.
fxe5 Kxe5 41. c4 Bc6 42. Nc8 g5 43. Ne7 Be4 44. Ng8 h4 45. gxh4 gxh4 46. Nh6
Bf5 47. Nf7+ Kf6 48. Nd6 Ke5 49. Nf7+ Kf6 50. Nd6 Bd7 51. Kf4 Bc6 52. b4 h3 53.
Kg3 Ke5 54. Nxb7 Bxb7 55. b5 1/2-1/2

[Event "C.to Europeo U10"]
[Site "Fermo ITA"]
[Date "2009.09.08"]
[Round "8"]
[White "Petrosyan, Arman"]
[Black "Kudelya, Igor"]
[Result "0-1"]
[WhiteElo "1680"]
[BlackElo "1974"]
[PlyCount "46"]
[EventDate "2009.08.31"]

1. Nf3 Nf6 2. c4 c6 3. e3 d5 4. Be2 e6 5. b3 Bd6 6. Bb2 Qe7 7. Nc3 O-O 8. O-O
Nbd7 9. Rc1 a6 10. d4 Rd8 11. c5 Bc7 12. b4 e5 13. dxe5 Nxe5 14. Nb1 Nfg4 15.
h3 Nxf3+ 16. Bxf3 Nh2 17. Re1 Nxf3+ 18. Qxf3 Qg5 19. Nd2 Bf5 20. Nb3 h5 21. h4
Qg6 22. Nd4 Bg4 23. Nf5 Bxf5 0-1

[Event "C.to Europeo U10 femminile"]
[Site "Fermo ITA"]
[Date "2009.08.31"]
[Round "1"]
[White "Binder, Shiri"]
[Black "Morelli, Anita"]
[Result "1-0"]
[WhiteElo "1515"]
[BlackElo "1371"]
[PlyCount "55"]
[EventDate "2009.08.31"]

1. e4 e5 2. Nf3 Nc6 3. Bb5 Nf6 4. d4 Bd6 5. Bxc6 bxc6 6. dxe5 Bc5 7. exf6 Qxf6
8. O-O Ba6 9. Re1 O-O 10. Be3 Bb4 11. c3 Bd6 12. e5 Qd8 13. exd6 cxd6 14. Qxd6
Qc8 15. Ne5 Rd8 16. Rd1 h6 17. Nxd7 Be2 18. Rd2 Bg4 19. Qg3 Rxd7 20. Qxg4 Rxd2
21. Qxc8+ Rxc8 22. Nxd2 g5 23. Bxa7 Rd8 24. Be3 f5 25. Nc4 Kg7 26. a4 f4 27.
Bd4+ Kg6 28. a5 1-0

[Event "C.to Europeo U10 femminile"]
[Site "Fermo ITA"]
[Date "2009.08.31"]
[Round "1"]
[White "Lazzarini, Irene"]
[Black "Dwilewicz, Katarzyna"]
[Result "0-1"]
[WhiteElo "1398"]
[BlackElo "1465"]
[PlyCount "44"]
[EventDate "2009.08.31"]

1. e4 c5 2. d4 cxd4 3. c3 dxc3 4. Nxc3 Nc6 5. Nf3 e6 6. Bc4 Qc7 7. O-O Nf6 8.
Qe2 Ng4 9. h3 Nd4 10. g3 Nxe2+ 11. Nxe2 Qxc4 12. Nc3 Nf6 13. g4 Bc5 14. Ne5 Qa6
15. g5 Nh5 16. Kg2 Bd6 17. Be3 Bxe5 18. Kf3 d6 19. Kg4 Bxc3 20. bxc3 Qe2+ 21.
Kh4 Qf3 22. Rg1 e5 0-1

[Event "C.to Europeo U10 femminile"]
[Site "Fermo ITA"]
[Date "2009.09.01"]
[Round "2"]
[White "De Filomeno, Elisa"]
[Black "Lazzarini, Irene"]
[Result "1-0"]
[WhiteElo "1365"]
[BlackElo "1398"]
[PlyCount "97"]
[EventDate "2009.08.31"]

1. e4 e5 2. Bc4 Nf6 3. Nf3 Nxe4 4. d3 Nf6 5. Nxe5 d6 6. Nxf7 Qe7+ 7. Qe2 d5 8.
Nxh8 Qxe2+ 9. Kxe2 dxc4 10. dxc4 Nc6 11. Bf4 Nd4+ 12. Kd1 c5 13. Nc3 Be6 14. f3
Bxc4 15. Re1+ Kd7 16. b3 Be6 17. Be5 Bd6 18. Bxd4 cxd4 19. Nb5 Bc5 20. Rxe6
Rxh8 21. Re2 a6 22. Nxd4 Bxd4 23. Rd2 Kc6 24. Rxd4 Re8 25. c4 Nd7 26. g4 Re3
27. f4 Rh3 28. b4 Rxh2 29. b5+ axb5 30. cxb5+ Kc7 31. a4 Rh1+ 32. Kc2 Rxa1 33.
Rc4+ Kb6 34. f5 Rg1 35. Rd4 Ne5 36. Re4 Nxg4 37. Re7 g6 38. fxg6 hxg6 39. Kb3
Nf2 40. Kb4 Nd3+ 41. Kb3 g5 42. Re3 Nc5+ 43. Kb4 g4 44. a5+ Kc7 45. Kxc5 g3 46.
Re7+ Kb8 47. Kb6 Rd1 48. Re8+ Rd8 49. Rxd8# 1-0

[Event "C.to Europeo U10 femminile"]
[Site "Fermo ITA"]
[Date "2009.09.03"]
[Round "4"]
[White "Fermani, Vanessa"]
[Black "Morelli, Anita"]
[Result "1-0"]
[WhiteElo "1458"]
[BlackElo "1371"]
[PlyCount "41"]
[EventDate "2009.08.31"]

1. e4 e5 2. Nf3 Nc6 3. Bc4 h6 4. Nc3 Nf6 5. b3 Bc5 6. Bb2 Ng4 7. O-O d6 8. h3
Nxf2 9. Rxf2 Bxf2+ 10. Kxf2 Qe7 11. Nd5 Qd8 12. d4 f6 13. dxe5 fxe5 14. Qd3 Rf8
15. Kg1 Rh8 16. Rf1 Na5 17. Nc3 a6 18. Qd5 Nxc4 19. Qxc4 b6 20. Nd2 Bd7 21.
Qf7# 1-0

[Event "C.to Europeo U10 femminile"]
[Site "Fermo ITA"]
[Date "2009.09.03"]
[Round "4"]
[White "Mammadzada, Gunay Vuqar Qizi"]
[Black "Dordzhieva, Dinara"]
[Result "1/2-1/2"]
[WhiteElo "1753"]
[BlackElo "2058"]
[PlyCount "43"]
[EventDate "2009.08.31"]

1. e4 c5 2. Nf3 d6 3. d4 cxd4 4. Nxd4 Nf6 5. Nc3 g6 6. Bc4 Bg7 7. Be3 a6 8. a3
Nbd7 9. O-O b5 10. Ba2 Bb7 11. f3 Rc8 12. Qd2 h5 13. Nde2 Qc7 14. Bd4 O-O 15.
Rae1 Nb6 16. Qe3 Nc4 17. e5 dxe5 18. Bxe5 e6 19. Nd4 Rfd8 20. Nb3 Nd5 21. Bxg7
Kxg7 22. Qd4+ 1/2-1/2

[Event "C.to Europeo U10 femminile"]
[Site "Fermo ITA"]
[Date "2009.09.04"]
[Round "5"]
[White "Drogovoz, Irina"]
[Black "Vasenina, Anna"]
[Result "0-1"]
[WhiteElo "1898"]
[BlackElo "1785"]
[PlyCount "86"]
[EventDate "2009.08.31"]

1. d4 d5 2. Nf3 Nf6 3. c4 e6 4. Nc3 Be7 5. Bg5 O-O 6. e3 Nbd7 7. Rc1 a6 8. c5
c6 9. Bd3 e5 10. dxe5 Ne8 11. Bxe7 Qxe7 12. Qc2 h6 13. e4 Nxe5 14. Nxe5 Qxe5
15. O-O dxe4 16. Nxe4 Bf5 17. Rfe1 Rd8 18. Qb3 Bxe4 19. Bxe4 Qc7 20. Rcd1 Nf6
21. Bf3 Rfe8 22. Rxe8+ Rxe8 23. g3 Nd7 24. Qc3 Ne5 25. Bg2 Ng4 26. Bh3 Nf6 27.
Bg2 Re2 28. Bf3 Re6 29. Qb4 Qe7 30. Rd3 Re5 31. Rb3 Rxc5 32. Qxb7 Qe1+ 33. Kg2
Rc2 34. Qc8+ Ne8 35. Kh3 Rxf2 36. Qxc6 Qf1+ 37. Bg2 Qe2 38. g4 Nf6 39. Rg3 Nh5
40. Qa8+ Kh7 41. Qe4+ f5 42. Qxe2 Nf4+ 43. Kh4 g5# 0-1

[Event "C.to Europeo U10 femminile"]
[Site "Fermo ITA"]
[Date "2009.09.04"]
[Round "5"]
[White "Gueci, Tea"]
[Black "Dmochowska, Agnieszka"]
[Result "0-1"]
[WhiteElo "1551"]
[BlackElo "1556"]
[PlyCount "72"]
[EventDate "2009.08.31"]

1. e4 c5 2. Nf3 d6 3. d4 cxd4 4. Nxd4 Nf6 5. Nc3 g6 6. g3 Bg7 7. Bg2 O-O 8. O-O
a6 9. Re1 Nbd7 10. Bg5 h6 11. Bd2 Qc7 12. Qc1 Kh7 13. Nde2 Ne5 14. Nf4 Nc4 15.
Nfd5 Nxd5 16. Nxd5 Qd8 17. c3 Nxd2 18. Qxd2 Be6 19. Qe3 Bxd5 20. exd5 Bf6 21.
Rad1 Qa5 22. a3 Qb5 23. Rb1 Rac8 24. Qe2 Qb6 25. Qe3 Qb5 26. h3 Rc7 27. Qd2 Qb6
28. Re4 Bxc3 29. Qc1 Be5 30. Qd2 Bxg3 31. Rg4 Be5 32. Rh4 Bg7 33. Re1 Qxb2 34.
Rxh6+ Kg8 35. Qxb2 Bxb2 36. a4 Bf6 0-1

[Event "C.to Europeo U10 femminile"]
[Site "Fermo ITA"]
[Date "2009.09.04"]
[Round "5"]
[White "Narva, Mai"]
[Black "Scarpa, Silvia"]
[Result "1-0"]
[WhiteElo "1526"]
[BlackElo "1425"]
[PlyCount "109"]
[EventDate "2009.08.31"]

1. e4 e5 2. Nf3 Nc6 3. Bb5 a6 4. Ba4 Nf6 5. O-O b5 6. Bb3 Be7 7. Re1 d6 8. h3
Na5 9. d4 Nxb3 10. axb3 exd4 11. Nxd4 Bb7 12. Bg5 h6 13. Bxf6 Bxf6 14. c3 O-O
15. Na3 Re8 16. f3 d5 17. exd5 Rxe1+ 18. Qxe1 Bxd5 19. Rd1 Qe8 20. Nac2 Qxe1+
21. Rxe1 Bxd4+ 22. Nxd4 c5 23. Nf5 Bxb3 24. Re5 c4 25. Re7 Bc2 26. Nd6 Bg6 27.
Rd7 f6 28. f4 Be8 29. Rc7 a5 30. Rb7 Bc6 31. Rb6 Bd5 32. Rxb5 Be6 33. Rc5 Rb8
34. f5 Bf7 35. Rxa5 Be8 36. Nxc4 Bf7 37. Nd6 Be8 38. Nxe8 Rxe8 39. Ra1 Rb8 40.
b4 Rc8 41. Rc1 Kf7 42. c4 Ke7 43. c5 Kd7 44. b5 Kc7 45. Kf2 Rb8 46. b6+ Kc6 47.
Kg3 Rd8 48. Rb1 Kxc5 49. b7 Rb8 50. Kg4 Kc6 51. Kh5 Kd6 52. Kg6 Ke7 53. Kxg7
Ke8 54. Kxf6 Kf8 55. Rc1 1-0

[Event "C.to Europeo U10 femminile"]
[Site "Fermo ITA"]
[Date "2009.09.04"]
[Round "5"]
[White "Ramadani, Sarah"]
[Black "Mammadzada, Gunay Vuqar Qizi"]
[Result "1-0"]
[WhiteElo "1575"]
[BlackElo "1753"]
[PlyCount "45"]
[EventDate "2009.08.31"]

1. e4 c5 2. Nf3 d6 3. d4 cxd4 4. Nxd4 Nf6 5. Nc3 a6 6. Be3 e5 7. Nb3 Be6 8. f3
h5 9. Qd2 Nbd7 10. Nd5 Bxd5 11. exd5 Be7 12. Be2 Qc7 13. g4 hxg4 14. fxg4 Rh3
15. Qd3 Nb6 16. Bxb6 Rxd3 17. Bxc7 Rxd5 18. Bc4 Rc8 19. Bxd5 Rxc7 20. c4 Nxg4
21. Rg1 Ne3 22. Rc1 Nxd5 23. cxd5 1-0

[Event "C.to Europeo U10 femminile"]
[Site "Fermo ITA"]
[Date "2009.09.06"]
[Round "6"]
[White "Vasenina, Anna"]
[Black "Dordzhieva, Dinara"]
[Result "1-0"]
[WhiteElo "1785"]
[BlackElo "2058"]
[PlyCount "59"]
[EventDate "2009.08.31"]

1. e4 c5 2. Nf3 d6 3. d4 cxd4 4. Nxd4 Nf6 5. f3 a6 6. c4 Nc6 7. Nc3 e6 8. Be3
Be7 9. Be2 Qc7 10. Qd2 Bd7 11. O-O Rc8 12. Rac1 O-O 13. Rfd1 Rfd8 14. f4 Qb8
15. Qe1 e5 16. Nb3 Ng4 17. Bb6 Re8 18. f5 Nf6 19. g4 h6 20. h4 Bd8 21. Bxd8
Rexd8 22. g5 hxg5 23. hxg5 Nh7 24. Qh4 Nf8 25. Kg2 f6 26. g6 Ne7 27. Rh1 Nexg6
28. fxg6 Nxg6 29. Qh7+ Kf7 30. Bh5 1-0

[Event "C.to Europeo U10 femminile"]
[Site "Fermo ITA"]
[Date "2009.09.07"]
[Round "7"]
[White "Mammadzada, Gunay Vuqar Qizi"]
[Black "Vasenina, Anna"]
[Result "0-1"]
[WhiteElo "1753"]
[BlackElo "1785"]
[PlyCount "56"]
[EventDate "2009.08.31"]

1. e4 e5 2. Nf3 Nc6 3. Bb5 g6 4. O-O Bg7 5. c3 Nge7 6. d4 exd4 7. cxd4 d5 8. e5
O-O 9. Nc3 h6 10. Ne1 a6 11. Be2 Nf5 12. Nc2 Be6 13. b3 Qd7 14. Ba3 Rfd8 15.
Qd2 f6 16. f4 h5 17. Bb2 fxe5 18. fxe5 Bh6 19. Qd3 Qe7 20. Kh1 Qh4 21. Bc1 Bxc1
22. Raxc1 Ncxd4 23. g3 Nxg3+ 24. Qxg3 Qxg3 25. hxg3 Nxc2 26. Rxc2 d4 27. Rf6
Bf5 28. Bc4+ Kg7 0-1

[Event "C.to Europeo U10 femminile"]
[Site "Fermo ITA"]
[Date "2009.09.08"]
[Round "8"]
[White "Ramadani, Sarah"]
[Black "Dordzhieva, Dinara"]
[Result "0-1"]
[WhiteElo "1575"]
[BlackElo "2058"]
[PlyCount "44"]
[EventDate "2009.08.31"]

1. e4 c5 2. Nf3 d6 3. d4 cxd4 4. Nxd4 Nf6 5. Nc3 g6 6. Be3 Bg7 7. f3 a6 8. Qd2
h5 9. h4 Nbd7 10. O-O-O b5 11. Bd3 Bb7 12. Nb3 Rc8 13. Ne2 Ne5 14. Nf4 Ba8 15.
Kb1 Nc4 16. Bxc4 bxc4 17. Nc1 Rb8 18. Qc3 O-O 19. e5 Nd7 20. Qxc4 Nxe5 21. Qe2
Nc4 22. b3 Na3# 0-1

[Event "C.to Europeo U12"]
[Site "Fermo ITA"]
[Date "2009.08.31"]
[Round "1"]
[White "Bayramov, Elkhan Khayyat Oglu"]
[Black "Compagnucci, Lorenzo"]
[Result "1-0"]
[WhiteElo "1964"]
[BlackElo "1386"]
[PlyCount "63"]
[EventDate "2009.08.31"]

1. e4 e5 2. Nf3 Nc6 3. Bb5 d6 4. d4 f6 5. d5 a6 6. Ba4 b5 7. Bb3 Na5 8. O-O
Nxb3 9. axb3 g5 10. Nc3 Bh6 11. Ne1 Bd7 12. Nd3 f5 13. Qh5+ Kf8 14. f4 gxf4 15.
g3 Be8 16. Qxf5+ Nf6 17. Qh3 Bg5 18. gxf4 exf4 19. Bxf4 Bd7 20. Qf3 Bg4 21.
Qxg4 Nxg4 22. Bxg5+ Ke8 23. Bxd8 Rxd8 24. Rxa6 Ne3 25. Rf3 Nxc2 26. Nxb5 Ke7
27. e5 dxe5 28. Re6+ Kd7 29. Rf7+ Kc8 30. Rxc7+ Kb8 31. Rb6+ Ka8 32. Ra7# 1-0

[Event "C.to Europeo U12"]
[Site "Fermo ITA"]
[Date "2009.08.31"]
[Round "1"]
[White "Boruchovsky, Avital"]
[Black "Ferraguti, Francesco"]
[Result "1-0"]
[WhiteElo "2084"]
[BlackElo "1662"]
[PlyCount "33"]
[EventDate "2009.08.31"]

1. e4 e5 2. Nf3 Nf6 3. d4 exd4 4. e5 Ne4 5. Qxd4 d5 6. exd6 Nxd6 7. Nc3 Nc6 8.
Qf4 Be7 9. Bd2 Be6 10. O-O-O Qd7 11. Bd3 O-O-O 12. Rhe1 Rhe8 13. Qa4 Kb8 14.
Be3 Bf6 15. Ne4 Be5 16. Nxe5 Nxe5 17. Qxa7+ 1-0

[Event "C.to Europeo U12"]
[Site "Fermo ITA"]
[Date "2009.08.31"]
[Round "1"]
[White "Garrido Piriz, Pablo"]
[Black "Svane, Rasmus"]
[Result "0-1"]
[WhiteElo "1658"]
[BlackElo "2080"]
[PlyCount "62"]
[EventDate "2009.08.31"]

1. e4 c5 2. Nf3 e6 3. d4 cxd4 4. Nxd4 a6 5. Nc3 Qc7 6. a3 Nf6 7. Be2 b5 8. O-O
Bb7 9. Bf3 d6 10. Re1 Nbd7 11. Bg5 Be7 12. Qd2 O-O 13. Rad1 Ne5 14. Qc1 Rfd8
15. Bf4 Rac8 16. Re2 Nc4 17. Bg3 Qb6 18. Rde1 Nxa3 19. bxa3 Rxc3 20. Re3 Rc4
21. c3 Rdc8 22. Qb2 Qc7 23. Rd3 Nd7 24. Nb3 Nb6 25. e5 d5 26. Qa1 Bg5 27. Re2
Rxc3 28. Rxc3 Qxc3 29. Qxc3 Rxc3 30. Nd2 Nc4 31. Nf1 Rc1 0-1

[Event "C.to Europeo U12"]
[Site "Fermo ITA"]
[Date "2009.08.31"]
[Round "1"]
[White "Markovic, Aleksandar"]
[Black "Codenotti, Marco"]
[Result "0-1"]
[WhiteElo "1730"]
[BlackElo "2117"]
[PlyCount "50"]
[EventDate "2009.08.31"]

1. e4 c5 2. Nf3 d6 3. d4 cxd4 4. Nxd4 Nf6 5. Nc3 a6 6. Bg5 e6 7. f4 b5 8. e5
dxe5 9. fxe5 Qc7 10. exf6 Qe5+ 11. Be2 Qxg5 12. Bf3 Ra7 13. fxg7 Bxg7 14. Nb3
Qe3+ 15. Qe2 Qxe2+ 16. Kxe2 Rc7 17. Kd2 b4 18. Na4 Ke7 19. c3 Bd7 20. Nac5
bxc3+ 21. bxc3 Rhc8 22. Rab1 Bb5 23. h3 Nd7 24. Ne4 f5 25. Nf2 Rxc3 0-1

[Event "C.to Europeo U12"]
[Site "Fermo ITA"]
[Date "2009.08.31"]
[Round "1"]
[White "Minko, Vladimir"]
[Black "Aguiar Neves, Henrique Rui"]
[Result "0-1"]
[WhiteElo "2097"]
[BlackElo "1710"]
[PlyCount "68"]
[EventDate "2009.08.31"]

1. d4 Nf6 2. c4 g6 3. Nf3 Bg7 4. g3 O-O 5. Bg2 d6 6. Nc3 c6 7. O-O Nbd7 8. h3
e5 9. e4 Ne8 10. Be3 f5 11. exf5 gxf5 12. dxe5 dxe5 13. Bg5 Qb6 14. Be7 Rf7 15.
Ba3 Nc5 16. Ng5 Rd7 17. Qe2 Nc7 18. Qe3 N7e6 19. Nf3 Nd3 20. Nh4 f4 21. Qxb6
axb6 22. Nf5 Nd4 23. Nxd4 Rxd4 24. Rad1 Bf5 25. Kh2 Rxc4 26. Nd5 Bf8 27. Nxb6
Rxa3 28. bxa3 Rc2 29. Nd7 Nxf2 30. Nf6+ Kf7 31. Rd8 Be7 32. Rb8 Kxf6 33. Rxb7
f3 34. Bxf3 Ng4+ 0-1

[Event "C.to Europeo U12"]
[Site "Fermo ITA"]
[Date "2009.08.31"]
[Round "1"]
[White "Yuffa, Daniil"]
[Black "Zito, Riccardo"]
[Result "1-0"]
[WhiteElo "2138"]
[BlackElo "1735"]
[PlyCount "29"]
[EventDate "2009.08.31"]

1. e4 e6 2. Nf3 d5 3. Nc3 Nf6 4. e5 Nfd7 5. d4 c5 6. dxc5 Bxc5 7. Bd3 Nc6 8.
Bf4 Qb6 9. O-O Qxb2 10. Nb5 O-O 11. Bd2 d4 12. Qe2 f6 13. exf6 Nxf6 14. Rfb1
Qxb1+ 15. Rxb1 1-0

[Event "C.to Europeo U12"]
[Site "Fermo ITA"]
[Date "2009.09.01"]
[Round "2"]
[White "Antal, Tibor Kende"]
[Black "Blahynka, Martin"]
[Result "1-0"]
[WhiteElo "2155"]
[BlackElo "1905"]
[PlyCount "73"]
[EventDate "2009.08.31"]

1. e4 c5 2. Nf3 Nc6 3. d4 cxd4 4. Nxd4 g6 5. c4 Nf6 6. Nc3 d6 7. Be2 Nxd4 8.
Qxd4 Bg7 9. Be3 O-O 10. Qd2 Be6 11. f3 Qa5 12. Rc1 Rfc8 13. b3 a6 14. Na4 Qxd2+
15. Kxd2 Nd7 16. g4 Rc6 17. Nc3 Nc5 18. h4 Rcc8 19. b4 Nd7 20. Nd5 Bxd5 21.
cxd5 b5 22. f4 Nf6 23. Bf3 Rc4 24. Rxc4 bxc4 25. Rc1 Rc8 26. g5 c3+ 27. Kd3 Ne8
28. Bd4 Bxd4 29. Kxd4 c2 30. Kd3 Rb8 31. Kc3 Nc7 32. a4 Rc8 33. Kb3 a5 34. Rxc2
axb4 35. Bg4 e6 36. dxe6 fxe6 37. Bxe6+ 1-0

[Event "C.to Europeo U12"]
[Site "Fermo ITA"]
[Date "2009.09.01"]
[Round "2"]
[White "Codenotti, Marco"]
[Black "Viviani, Alessio"]
[Result "1-0"]
[WhiteElo "2117"]
[BlackElo "1893"]
[PlyCount "25"]
[EventDate "2009.08.31"]

1. e4 d6 2. d4 g6 3. g3 Nf6 4. Bg2 Bg7 5. Ne2 O-O 6. O-O e5 7. Nbc3 Nc6 8. dxe5
dxe5 9. Bg5 Nd4 10. Nxd4 exd4 11. Nd5 c6 12. e5 cxd5 13. Qxd4 1-0

[Event "C.to Europeo U12"]
[Site "Fermo ITA"]
[Date "2009.09.01"]
[Round "2"]
[White "Dastan, Muhammed Batuhan"]
[Black "Yuffa, Daniil"]
[Result "1-0"]
[WhiteElo "1905"]
[BlackElo "2138"]
[PlyCount "91"]
[EventDate "2009.08.31"]

1. e4 c5 2. Nf3 Nc6 3. d4 cxd4 4. Nxd4 Nf6 5. Nc3 d6 6. Bg5 Bd7 7. Qd2 Rc8 8.
f4 Nxd4 9. Qxd4 Qa5 10. e5 dxe5 11. fxe5 e6 12. O-O-O Bc6 13. Nb5 Bxb5 14. exf6
Bc6 15. h4 g6 16. Bc4 Bc5 17. Qg4 h5 18. Qe2 O-O 19. Bh6 Rfd8 20. Rhf1 b5 21.
Bb3 Rxd1+ 22. Rxd1 Qb4 23. Qe5 Bb6 24. g3 a5 25. Bxe6 Re8 26. a3 Qc5 27. Qxc5
Bxc5 28. Bd5 Bxd5 29. Rxd5 Rc8 30. Bf4 b4 31. axb4 axb4 32. Kd2 Rc6 33. Be5 Bf8
34. c3 bxc3+ 35. bxc3 Bh6+ 36. Kd3 Kh7 37. Rd7 Kg8 38. c4 g5 39. Kd4 gxh4 40.
gxh4 Bd2 41. Kd5 Rc8 42. c5 Bb4 43. c6 Kf8 44. Bd6+ Bxd6 45. Kxd6 Ke8 46. Re7+
1-0

[Event "C.to Europeo U12"]
[Site "Fermo ITA"]
[Date "2009.09.01"]
[Round "2"]
[White "Gheorghiu, Calin"]
[Black "Bluebaum, Matthias"]
[Result "1-0"]
[WhiteElo "1859"]
[BlackElo "2075"]
[PlyCount "59"]
[EventDate "2009.08.31"]

1. e4 e6 2. f4 d5 3. Nc3 dxe4 4. Nxe4 Nf6 5. Nf2 Bc5 6. Nf3 Nc6 7. c3 Bxf2+ 8.
Kxf2 Ng4+ 9. Ke1 O-O 10. d4 b6 11. Bd3 Nf6 12. Kf2 a5 13. Qe2 Bb7 14. Re1 Ne7
15. Kg1 Qc8 16. Qf2 Ba6 17. Bc2 Nf5 18. h3 Nd6 19. b3 Bb7 20. Ba3 Rd8 21. Qh4
Re8 22. Bxd6 cxd6 23. Re3 b5 24. Ng5 g6 25. Rg3 Kg7 26. Rf1 Rf8 27. f5 exf5 28.
Rxf5 Nh5 29. Qxh5 gxh5 30. Nxf7# 1-0